logo

Bir Sreshtho Munshi Abdur Rouf Library
Jhenaidah Cadet College

A Cup of Sake Beneath the Cherry Trees / (Record no. 14364)

MARC details
000 -LEADER
fixed length control field 00668nam a22002417a 4500
001 - CONTROL NUMBER
JCCL Control Number 14364
003 - CONTROL NUMBER IDENTIFIER
JCCL marc code BD-JhCC
005 - DATE AND TIME OF LATEST TRANSACTION
control field 20250716101920.0
008 - FIXED-LENGTH DATA ELEMENTS--GENERAL INFORMATION
fixed length control field 250716b |||||||| |||| 00| 0 eng d
020 ## - INTERNATIONAL STANDARD BOOK NUMBER
International Standard Book Number 9780141398259
035 ## - SYSTEM CONTROL NUMBER
system control number (BD-JhCC) 14364
040 ## - CATALOGING SOURCE
Original cataloging agency BD-JhCC
Modifying agency BD-JhCC
041 ## - LANGUAGE CODE
Language code of Book eng
082 ## - DEWEY DECIMAL CLASSIFICATION NUMBER
DDC Edition number 23
Classification number 823
Author mark and Year KEN
100 ## - MAIN ENTRY--PERSONAL NAME
Personal name Kenko
245 ## - TITLE STATEMENT
Title A Cup of Sake Beneath the Cherry Trees /
Statement of responsibility, etc Kenko, Translated by Meredith McKinney
260 ## - PUBLICATION, DISTRIBUTION, ETC. (IMPRINT)
Place of publication, distribution, etc India:
Name of publisher, distributor, etc Penguin Classics,
Date of publication, distribution, etc 2015
300 ## - PHYSICAL DESCRIPTION
Pagination 50p.;
Dimensions 16 cm.
Accompanying material Paper binding
490 ## - SERIES STATEMENT
Series statement Penguin Little Black Classic
Volume number/sequential designation 11
650 ## - SUBJECT ADDED ENTRY--TOPICAL TERM
Topical term or geographic name as entry element English Novel
700 ## - ADDED ENTRY--PERSONAL NAME
Personal name McKinney,Meredith
942 ## - ADDED ENTRY ELEMENTS (KOHA)
Source of classification or shelving scheme Dewey Decimal Classification
Koha item type Books
Holdings
Source of classification or shelving scheme Damaged status Not for loan Collection code Home library Current library Shelving location Date of accession Total Checkouts Full call number Barcode Date last seen Copy number Koha item type
Dewey Decimal Classification     Fiction JCC Rouf Library JCC Rouf Library General Stacks     823 KEN 20114 07/16/2025 C-1 Books

JCC Library | Contacts | JCC Home

Last Update on 23 September 2017
Copyright @ 2017-2020 JCC Rouf Library
Rouf Library, Jhenidah Cadet College (JCC), Bangladesh